000 00558nam a22001697a 4500
003 OSt
005 20260202162311.0
008 260202b |||||||| |||| 00| 0 eng d
040 _cMRSPTU
041 _aENG
100 _aSatish Kumar, Supervisor: Dr. Sanjiv K Aggarwal
245 _aThe Strength Characteristics of Concrete,Using Crushed Stone Dust as Fine Aggregate
260 _b Department of Civil Engg. MRSPTU, Bathinda
_c2014
650 _aCivil Engineering
856 _uhttp://163.47.215.52:8080/jspui/handle/123456789/1019
942 _2ddc
_cTH
_n0
999 _c10830
_d10830